Normal view
MARC view
- Kumar, Girish, Ray, K..P
Entry Personal Name
001 - CONTROL NUMBER
- control field: 63600
003 - CONTROL NUMBER IDENTIFIER
- control field: NUST
005 - DATE AND TIME OF LATEST TRANSACTION
- control field: 20210628203137.0
008 - FIXED-LENGTH DATA ELEMENTS
- fixed length control field: 210628|| aca||aabn | a|a d
040 ## - CATALOGING SOURCE
- Original cataloging agency: NUST
- Transcribing agency: NUST
100 ## - HEADING--PERSONAL NAME
- Personal name: Kumar, Girish, Ray, K..P
670 ## - SOURCE DATA FOUND
- Source citation: Work cat.: (NUST): Kumar, Girish, Ray, K..P, Broadband microstrip antennas, 2003
